[Event "25th Klatovy B 2017"]
[Site "Klatovy CZE"]
[Date "2017.07.05"]
[Round "5.19"]
[White "Vasko, Pavel"]
[Black "Sova, Zdenek"]
[Result "1/2-1/2"]
[WhiteElo "1578"]
[BlackElo "1672"]
[PlyCount "87"]
[EventDate "2017.07.01"]
[EventType "swiss"]
[EventRounds "9"]
[EventCountry "CZE"]

1. e4 c5 2. Nf3 e6 3. d4 cxd4 4. Nxd4 a6 5. Bd3 Qc7 6. O-O Nf6 7. Nf3 Nc6 8. h3 h6 9. b3 Bc5 10. Bb2 e5 11. Nbd2 d6 12. Re1 O-O 13. Nf1 Nb4 14. Ne3 Nxd3 15. cxd3 Bb4 16. Re2 Be6 17. Rc2 Qd7 18. Rac1 Rac8 19. Nc4 Qd8 20. a3 Bc5 21. b4 Ba7 22. Nfd2 b5 23. Na5 Rxc2 24. Rxc2 Qb6 25. Nf1 Rc8 26. Ne3 Rxc2 27. Qxc2 Bd7 28. Bc1 Bb8 29. Nd1 Qc7 30. Qc3 d5 31. f3 dxe4 32. dxe4 Qxc3 33. Nxc3 Ba7+ 34. Kf1 Bd4 35. Ne2 Bb6 36. Bb2 Bc7 37. Nb3 Kf8 38. Nc5 Bc8 39. Nd3 Nd7 40. Ng3 g6 41. Ke2 f6 42. Nf1 Nb6 43. Ne3 Be6 44. Nc5 1/2-1/2

[Event "25th Klatovy B 2017"]
[Site "Klatovy CZE"]
[Date "2017.07.05"]
[Round "5.20"]
[White "Svanda, Adam"]
[Black "Leseticky, Vladimir"]
[Result "0-1"]
[WhiteElo "1699"]
[BlackElo "1685"]
[PlyCount "68"]
[EventDate "2017.07.01"]
[EventType "swiss"]
[EventRounds "9"]
[EventCountry "CZE"]

1. c4 e5 2. Nc3 Nf6 3. g3 Be7 4. Bg2 c6 5. Nf3 d6 6. O-O O-O 7. a3 e4 8. Nd4 d5 9. cxd5 Qb6 10. d6 Bxd6 11. Nc2 Bf5 12. Ne3 Bg6 13. d3 exd3 14. exd3 Qc7 15. Nc4 Bc5 16. Bf4 Qd8 17. Ne5 Bf5 18. Qb3 Bb6 19. Ne4 Nxe4 20. dxe4 Be6 21. Qc2 Qf6 22. Nc4 Bxc4 23. Qxc4 Qxb2 24. Rad1 Na6 25. Rd7 Rad8 26. Rxb7 Bxf2+ 27. Rxf2 Qxb7 28. Rc2 Qb6+ 29. Kf1 Rd1+ 30. Ke2 Qg1 31. Qxa6 Rfd8 32. Kf3 R1d3+ 33. Kg4 Qd1+ 34. Kh3 Qh5# 0-1

[Event "25th Klatovy B 2017"]
[Site "Klatovy CZE"]
[Date "2017.07.05"]
[Round "5.21"]
[White "Janous, Marek"]
[Black "Pravda, Krystof"]
[Result "0-1"]
[WhiteElo "1168"]
[BlackElo "1636"]
[PlyCount "86"]
[EventDate "2017.07.01"]
[EventType "swiss"]
[EventRounds "9"]
[EventCountry "CZE"]

1. e4 e5 2. d4 exd4 3. Bc4 Bc5 4. c3 dxc3 5. Bxf7+ Kxf7 6. Qd5+ Kf8 7. Qxc5+ Qe7 8. Qxe7+ Nxe7 9. Nxc3 Kf7 10. Nf3 Re8 11. O-O d6 12. Bg5 a6 13. Nd2 Be6 14. f4 Kg8 15. Bxe7 Rxe7 16. f5 Bf7 17. Rf2 Nd7 18. Nf3 Nc5 19. Ng5 Bc4 20. b3 Bd3 21. Nd5 Rd7 22. f6 Bxe4 23. f7+ Kf8 24. b4 h6 25. Nh3 Nd3 26. Rd2 Bxd5 27. Rxd3 Bxf7 28. Rf3 Kg8 29. Nf4 Re8 30. a3 d5 31. Rd3 g5 32. Nh3 Bg6 33. Rg3 Kg7 34. Nf2 d4 35. Rd1 Bh5 36. Ra1 Re3 37. Rxe3 dxe3 38. Ne4 Bd1 39. Kf1 Bg4 40. Nc3 Rf7+ 41. Ke1 Rf2 42. Nd5 Rxg2 43. Kf1 Bh3 0-1

[Event "25th Klatovy B 2017"]
[Site "Klatovy CZE"]
[Date "2017.07.05"]
[Round "5.22"]
[White "Sedlacek, Pavel"]
[Black "Vachal, Josef1"]
[Result "0-1"]
[WhiteElo "1580"]
[BlackElo "1872"]
[PlyCount "64"]
[EventDate "2017.07.01"]
[EventType "swiss"]
[EventRounds "9"]
[EventCountry "CZE"]

1. c4 Nf6 2. Nc3 c5 3. d3 g6 4. Nf3 Bg7 5. e4 Nc6 6. Be3 d6 7. Be2 O-O 8. h3 e5 9. Qd2 Nd4 10. Bd1 Be6 11. Bg5 Qa5 12. O-O Kh8 13. Nxd4 cxd4 14. Nb5 Qb6 15. a4 a6 16. a5 Qc6 17. Na3 Ng8 18. b4 f6 19. Bh4 Bh6 20. Qe1 f5 21. f3 Rf7 22. Bb3 Qc7 23. Qe2 Nf6 24. Qc2 Raf8 25. Bg3 Nh5 26. Bh2 Be3+ 27. Kh1 fxe4 28. dxe4 Qe7 29. Rad1 Qh4 30. g4 Rxf3 31. Rxf3 Rxf3 32. gxh5 Rf2 0-1

[Event "25th Klatovy B 2017"]
[Site "Klatovy CZE"]
[Date "2017.07.05"]
[Round "5.23"]
[White "Svejdar, Pavel"]
[Black "Kovarova, Oxana"]
[Result "0-1"]
[WhiteElo "1581"]
[BlackElo "1740"]
[PlyCount "50"]
[EventDate "2017.07.01"]
[EventType "swiss"]
[EventRounds "9"]
[EventCountry "CZE"]

1. e4 e5 2. Nf3 Nc6 3. d4 exd4 4. Nxd4 Bc5 5. Be3 Qf6 6. c3 Nge7 7. Nc2 Bxe3 8. Nxe3 d6 9. Be2 Qg6 10. Nd2 O-O 11. Qc2 a6 12. f4 f5 13. Bd3 fxe4 14. Bxe4 Qh5 15. g3 Be6 16. Bf3 Qc5 17. Qd3 Rae8 18. Ne4 Qb6 19. Ng5 Bf5 20. Qc4+ Kh8 21. Nxf5 Nxf5+ 22. Be4 d5 23. Qxd5 Nd6 24. Kd1 Nxe4 25. Nxe4 Rd8 0-1

[Event "25th Klatovy B 2017"]
[Site "Klatovy CZE"]
[Date "2017.07.05"]
[Round "5.24"]
[White "Roskovec, Bedrich"]
[Black "Ostry, Michal"]
[Result "0-1"]
[WhiteElo "1585"]
[BlackElo "1743"]
[PlyCount "64"]
[EventDate "2017.07.01"]
[EventType "swiss"]
[EventRounds "9"]
[EventCountry "CZE"]

1. e4 d6 2. Nc3 Nf6 3. d3 g6 4. Be2 Bg7 5. Bd2 c5 6. Nf3 Nc6 7. O-O O-O 8. Qc1 Rb8 9. Bh6 b5 10. Bxg7 Kxg7 11. a3 e6 12. Qg5 h6 13. Qd2 Bd7 14. Rfb1 Qc7 15. b4 cxb4 16. axb4 Rfc8 17. Nd1 d5 18. exd5 Nxd5 19. c3 a5 20. bxa5 Nxa5 21. c4 Nf4 22. Bf1 Nb7 23. g3 Nh5 24. cxb5 Nd6 25. Qb2+ Kg8 26. b6 Qc5 27. Ra7 Bb5 28. Qd4 Qxb6 29. Qxb6 Rxb6 30. d4 Rbb8 31. Bxb5 Nxb5 32. Ne3 Nxa7 0-1

[Event "25th Klatovy B 2017"]
[Site "Klatovy CZE"]
[Date "2017.07.05"]
[Round "5.25"]
[White "Sedlak, Jakub"]
[Black "Soukup, Jiri1"]
[Result "0-1"]
[WhiteElo "1495"]
[BlackElo "1640"]
[PlyCount "42"]
[EventDate "2017.07.01"]
[EventType "swiss"]
[EventRounds "9"]
[EventCountry "CZE"]

1. e4 e5 2. Nf3 Nc6 3. Bc4 Bc5 4. d3 Nf6 5. Bg5 h6 6. Bh4 g5 7. Bg3 d6 8. h3 Be6 9. Bb5 Qd7 10. Nc3 a6 11. Ba4 O-O-O 12. Qd2 Nh5 13. O-O-O f5 14. Bh2 Rdf8 15. Rhf1 f4 16. Ng1 g4 17. hxg4 Bxg4 18. Nge2 b5 19. Bb3 Nd4 20. f3 Nxb3+ 21. axb3 Be3 0-1

[Event "25th Klatovy B 2017"]
[Site "Klatovy CZE"]
[Date "2017.07.05"]
[Round "5.26"]
[White "Svec, Ludek"]
[Black "Palla, Ivan"]
[Result "1-0"]
[WhiteElo "1723"]
[BlackElo "1552"]
[PlyCount "65"]
[EventDate "2017.07.01"]
[EventType "swiss"]
[EventRounds "9"]
[EventCountry "CZE"]

1. d4 f5 2. Nf3 Nf6 3. g3 e6 4. Bg2 Be7 5. c4 c6 6. Nc3 O-O 7. O-O Na6 8. a3 Nc7 9. Nd2 d5 10. cxd5 exd5 11. Nf3 Ne4 12. Ne5 Bg5 13. e3 g6 14. Na4 Bf6 15. Qc2 Qe7 16. Nd3 Ne6 17. Bd2 Nxd2 18. Qxd2 b6 19. Rfc1 Bb7 20. Rab1 Rac8 21. b4 Rc7 22. Rc2 Rfc8 23. Rbc1 Nd8 24. Nc3 Nf7 25. Nf4 Nd6 26. Bxd5+ cxd5 27. Ncxd5 Qf7 28. Rxc7 Rxc7 29. Rxc7 Qf8 30. Nxf6+ Qxf6 31. Qa2+ Kh8 32. Qe6 Qxe6 33. Nxe6 1-0

[Event "25th Klatovy B 2017"]
[Site "Klatovy CZE"]
[Date "2017.07.05"]
[Round "5.27"]
[White "Kotal, Vit"]
[Black "Rerabek, Jaroslav"]
[Result "1/2-1/2"]
[WhiteElo "1388"]
[BlackElo "1721"]
[PlyCount "36"]
[EventDate "2017.07.01"]
[EventType "swiss"]
[EventRounds "9"]
[EventCountry "CZE"]

1. e4 c5 2. Nf3 Nc6 3. d4 cxd4 4. Nxd4 Nf6 5. Nc3 g6 6. Be3 Bg7 7. Bc4 O-O 8. Bb3 Na5 9. O-O Nxb3 10. Nxb3 a6 11. f4 d6 12. h3 Qc7 13. Qf3 b5 14. a3 Bb7 15. Nd4 e5 16. fxe5 dxe5 17. Nb3 Rad8 18. Bg5 Rd6 1/2-1/2

[Event "25th Klatovy B 2017"]
[Site "Klatovy CZE"]
[Date "2017.07.05"]
[Round "5.28"]
[White "Flajsman, Petr"]
[Black "Ruzicka, Filip1"]
[Result "1-0"]
[WhiteElo "1567"]
[BlackElo "1644"]
[PlyCount "115"]
[EventDate "2017.07.01"]
[EventType "swiss"]
[EventRounds "9"]
[EventCountry "CZE"]

1. Nf3 Nf6 2. Nc3 g6 3. e4 Bg7 4. d4 d6 5. Bd3 Nbd7 6. Ne2 c5 7. c3 O-O 8. h3 e5 9. d5 c4 10. Bc2 Nc5 11. Ng3 Ne8 12. Be3 Qc7 13. Qb1 Nd3+ 14. Bxd3 cxd3 15. Qxd3 f5 16. Bd2 Bd7 17. Ng5 Qc8 18. c4 h6 19. Nf3 Nf6 20. Bb4 fxe4 21. Nxe4 Bf5 22. Nfd2 Nxe4 23. Nxe4 Qc7 24. f3 Kh7 25. Bd2 Qe7 26. O-O g5 27. g4 Bg6 28. Qa3 Rfd8 29. Bb4 Bxe4 30. fxe4 a5 31. Bd2 Qc7 32. Rac1 Ra6 33. Be3 b6 34. b3 Raa8 35. Rf5 Rf8 36. Rcf1 a4 37. Rxf8 Bxf8 38. Qb2 axb3 39. axb3 Bg7 40. Ra1 Ra7 41. Rxa7 Qxa7 42. Kf2 Bf6 43. Kg2 Kg7 44. Bc1 Qa5 45. Qd2 Qc5 46. Qe3 Be7 47. Qxc5 bxc5 48. Kf2 Kg6 49. Ke2 Kf7 50. Kd1 Ke8 51. Kc2 Kd7 52. b4 Kc7 53. bxc5 dxc5 54. Kb3 Bd6 55. Ka4 Kb6 56. Bd2 Be7 57. Ba5+ Kb7 58. Kb5 1-0

[Event "25th Klatovy B 2017"]
[Site "Klatovy CZE"]
[Date "2017.07.05"]
[Round "5.30"]
[White "Cipera, Josef"]
[Black "Tomascik, Petr"]
[Result "1-0"]
[WhiteElo "1691"]
[BlackElo "1474"]
[PlyCount "123"]
[EventDate "2017.07.01"]
[EventType "swiss"]
[EventRounds "9"]
[EventCountry "CZE"]

1. e4 f5 2. e5 Nc6 3. d4 d6 4. exd6 cxd6 5. Nf3 Nf6 6. c3 h6 7. Bd3 g5 8. Qc2 e6 9. O-O Bg7 10. Re1 Ne7 11. Bc4 Nfd5 12. Qd1 Bf6 13. Bb5+ Kf7 14. g3 Qg8 15. Na3 a6 16. Bd3 b5 17. Nc2 Bd7 18. c4 bxc4 19. Bxc4 a5 20. Bd2 Nc7 21. Bc3 d5 22. Bd3 Nc6 23. a4 g4 24. Ne5+ Nxe5 25. dxe5 Bg5 26. Nd4 h5 27. Nb5 Ne8 28. Nd6+ Nxd6 29. exd6 Rh6 30. Bb5 Qc8 31. Bd2 Bxb5 32. axb5 Bxd2 33. Qxd2 Qf8 34. Rec1 h4 35. Rc7+ Kg6 36. Re7 Re8 37. Rxe8 Qxe8 38. Qxa5 hxg3 39. fxg3 Qh8 40. Qd2 Qb8 41. d7 Qb6+ 42. Qf2 Qxf2+ 43. Kxf2 Rxh2+ 44. Ke3 Rh8 45. Ra7 Kf6 46. Rc7 Ke7 47. Rc8 Rd8 48. b6 Rxd7 49. Ra8 e5 50. Ra7 d4+ 51. Kd2 f4 52. gxf4 exf4 53. b7 Rxb7 54. Rxb7+ Kf6 55. Rd7 Ke5 56. Rg7 g3 57. Ke2 Ke4 58. Re7+ Kf5 59. Kf3 d3 60. Rd7 g2 61. Kxg2 Ke4 62. Kf2 1-0

[Event "25th Klatovy B 2017"]
[Site "Klatovy CZE"]
[Date "2017.07.05"]
[Round "5.31"]
[White "Kubat, Zbynek"]
[Black "Stanke, Vilem"]
[Result "1-0"]
[WhiteElo "1682"]
[BlackElo "1334"]
[PlyCount "37"]
[EventDate "2017.07.01"]
[EventType "swiss"]
[EventRounds "9"]
[EventCountry "CZE"]

1. e4 e5 2. Nf3 Nc6 3. Bc4 Bc5 4. c3 Nf6 5. d4 exd4 6. cxd4 Bb6 7. Nc3 Qe7 8. O-O d6 9. h3 O-O 10. Re1 Na5 11. Bd3 c5 12. e5 Ne8 13. Nd5 Qe6 14. Bxh7+ Kh8 15. Ng5 Qxd5 16. Qh5 Nf6 17. exf6 Qxd4 18. Bf5+ Kg8 19. Qh7# 1-0

[Event "25th Klatovy B 2017"]
[Site "Klatovy CZE"]
[Date "2017.07.05"]
[Round "5.32"]
[White "Jesensky, Jaromir"]
[Black "Zimovcak, Zdenek"]
[Result "0-1"]
[WhiteElo "1552"]
[BlackElo "1623"]
[PlyCount "58"]
[EventDate "2017.07.01"]
[EventType "swiss"]
[EventRounds "9"]
[EventCountry "CZE"]

1. e4 e5 2. Nf3 d6 3. d4 c6 4. Be3 Qc7 5. Qd2 Nf6 6. Nc3 Bg4 7. Be2 Be7 8. h3 Bh5 9. Nh2 Bg6 10. f3 Nbd7 11. O-O-O h6 12. g4 Nh7 13. f4 exf4 14. Bxf4 Ng5 15. Bd3 Nxh3 16. Nf3 Nxf4 17. Qxf4 O-O-O 18. g5 hxg5 19. Nxg5 Bxg5 20. Qxg5 Rde8 21. Ne2 Qd8 22. Qg4 Kc7 23. Nf4 Rxh1 24. Rxh1 Bxe4 25. Rf1 g6 26. Bxe4 Rxe4 27. b3 g5 28. Qg2 Rxf4 29. Rxf4 gxf4 0-1

[Event "25th Klatovy B 2017"]
[Site "Klatovy CZE"]
[Date "2017.07.05"]
[Round "5.33"]
[White "Lukes, Martin 2001"]
[Black "Stvan, Marek"]
[Result "1/2-1/2"]
[WhiteElo "1474"]
[BlackElo "1663"]
[PlyCount "57"]
[EventDate "2017.07.01"]
[EventType "swiss"]
[EventRounds "9"]
[EventCountry "CZE"]

1. e4 c5 2. Nf3 d6 3. d4 cxd4 4. Nxd4 Nf6 5. Nc3 Nc6 6. Be3 g6 7. f3 Bg7 8. Qd2 O-O 9. O-O-O Bd7 10. g4 a6 11. h4 h5 12. gxh5 Nxh5 13. Be2 Ne5 14. f4 Ng4 15. Rdg1 Nxe3 16. Qxe3 Kh7 17. Kb1 Qc8 18. Nd5 Qd8 19. Bxh5 gxh5 20. Nf5 Bxf5 21. exf5 Bf6 22. Rg2 Rg8 23. Nxf6+ exf6 24. Rhg1 Qd7 25. Qd3 Rxg2 26. Rxg2 Rg8 27. Rxg8 Kxg8 28. c4 Qc6 29. Qd5 1/2-1/2

[Event "25th Klatovy B 2017"]
[Site "Klatovy CZE"]
[Date "2017.07.05"]
[Round "5.34"]
[White "Maly, Jiri"]
[Black "Vilimek, Vit"]
[Result "1-0"]
[WhiteElo "1646"]
[BlackElo "1276"]
[PlyCount "87"]
[EventDate "2017.07.01"]
[EventType "swiss"]
[EventRounds "9"]
[EventCountry "CZE"]

1. e4 e5 2. Nf3 Nc6 3. Bb5 Nf6 4. O-O a6 5. Ba4 b5 6. Bb3 d6 7. Re1 Bb7 8. c3 d5 9. exd5 Nxd5 10. d4 Bd6 11. Bxd5 O-O 12. Bxc6 Bxc6 13. Nxe5 Bb7 14. Qg4 Re8 15. Bd2 Qf6 16. Bg5 Qe6 17. Qxe6 Rxe6 18. Bd2 Rae8 19. Na3 Rd8 20. Bf4 Rde8 21. Nc2 f6 22. Nd3 Be4 23. Bxd6 cxd6 24. Re3 f5 25. f3 f4 26. Rxe4 Rxe4 27. fxe4 Rxe4 28. Kf2 Kf7 29. Kf3 d5 30. Nxf4 Kf6 31. Nxd5+ Kf5 32. Nce3+ Rxe3+ 33. Nxe3+ Ke6 34. Ke4 g6 35. a4 bxa4 36. Rxa4 a5 37. Rxa5 h6 38. Ra6+ Kf7 39. Ke5 h5 40. Ra7+ Kg8 41. Kf6 g5 42. Nf5 g4 43. Kg6 Kf8 44. Ra8# 1-0

[Event "25th Klatovy B 2017"]
[Site "Klatovy CZE"]
[Date "2017.07.05"]
[Round "5.35"]
[White "Sindelar, Jan"]
[Black "Stross, Frantisek 1952"]
[Result "0-1"]
[WhiteElo "1395"]
[BlackElo "1631"]
[PlyCount "94"]
[EventDate "2017.07.01"]
[EventType "swiss"]
[EventRounds "9"]
[EventCountry "CZE"]

1. c4 e5 2. Nc3 Nf6 3. g3 Bc5 4. Bg2 Nc6 5. d3 d6 6. Nf3 h6 7. a3 a5 8. Bd2 O-O 9. O-O Ne7 10. Qc1 Ng6 11. Be3 Bxe3 12. Qxe3 Ng4 13. Qc1 f5 14. Nd5 c6 15. Ne3 f4 16. Nxg4 Bxg4 17. h3 Be6 18. Nd2 Qd7 19. Kh2 fxg3+ 20. fxg3 Rxf1 21. Qxf1 Rf8 22. Qg1 Rf5 23. Ne4 Rh5 24. Nf2 e4 25. Qf1 e3 26. Nd1 Rf5 27. Bf3 Ne5 28. Nxe3 Rf6 29. Qg2 Qf7 30. Rf1 Qd7 31. Bh5 Qd8 32. Rxf6 Qxf6 33. Nd1 Qg5 34. Bf3 Qd2 35. Nf2 Qxb2 36. a4 Qa2 37. Ne4 d5 38. Nd6 dxc4 39. dxc4 Nxf3+ 40. exf3 Qxa4 41. Nxb7 Bxc4 42. Qd2 Qb4 43. Qd8+ Kh7 44. Nxa5 Bd5 45. Nxc6 Qd2+ 46. Kg1 Qc1+ 47. Kg2 Qc2+ 0-1

[Event "25th Klatovy B 2017"]
[Site "Klatovy CZE"]
[Date "2017.07.05"]
[Round "5.36"]
[White "Haderka, Karel"]
[Black "Zilava, Anezka"]
[Result "1-0"]
[WhiteElo "1825"]
[BlackElo "1245"]
[PlyCount "57"]
[EventDate "2017.07.01"]
[EventType "swiss"]
[EventRounds "9"]
[EventCountry "CZE"]

1. c4 e5 2. Nc3 Nf6 3. g3 Bc5 4. Bg2 Ng4 5. e3 d6 6. h3 Nf6 7. Nge2 Be6 8. b3 Nc6 9. d4 exd4 10. exd4 Nxd4 11. Nxd4 Bb4 12. Bd2 Qe7 13. Nxe6 Qxe6+ 14. Qe2 O-O 15. Qxe6 fxe6 16. Bxb7 Rae8 17. O-O Bc5 18. Na4 Bb6 19. Nxb6 axb6 20. Bc6 Re7 21. Rfe1 e5 22. Bg5 h6 23. Bxf6 Rxf6 24. Re3 Kh8 25. Kg2 Rf5 26. Rae1 Ref7 27. Rf3 Rxf3 28. Bxf3 c5 29. a4 1-0

[Event "25th Klatovy B 2017"]
[Site "Klatovy CZE"]
[Date "2017.07.05"]
[Round "5.37"]
[White "Kubat, Ladislav"]
[Black "Kovar, Petr2"]
[Result "0-1"]
[WhiteElo "1482"]
[BlackElo "1990"]
[PlyCount "66"]
[EventDate "2017.07.01"]
[EventType "swiss"]
[EventRounds "9"]
[EventCountry "CZE"]

1. e4 d6 2. d4 Nf6 3. Nc3 Nbd7 4. f4 c6 5. Nf3 Qc7 6. Bc4 b5 7. Bb3 b4 8. e5 bxc3 9. exf6 Nxf6 10. bxc3 Ba6 11. c4 g6 12. O-O Bg7 13. Re1 O-O 14. c3 e6 15. Be3 Rad8 16. Qc2 Ng4 17. Qc1 Nxe3 18. Qxe3 Bh6 19. Ng5 Bg7 20. Nf3 Qa5 21. Rac1 Bb7 22. Red1 c5 23. d5 exd5 24. cxd5 Rfe8 25. Qd3 Bc8 26. c4 Bg4 27. h3 Bxf3 28. Qxf3 Bd4+ 29. Kf1 Re3 30. Qg4 f5 31. Qh4 Rde8 32. Qf2 Rxh3 33. Rxd4 Rh1+ 0-1

[Event "25th Klatovy B 2017"]
[Site "Klatovy CZE"]
[Date "2017.07.05"]
[Round "5.38"]
[White "Skalny, Petr"]
[Black "Stanke, Petr"]
[Result "1/2-1/2"]
[WhiteElo "1767"]
[BlackElo "1284"]
[PlyCount "70"]
[EventDate "2017.07.01"]
[EventType "swiss"]
[EventRounds "9"]
[EventCountry "CZE"]

1. f4 Nf6 2. d4 g6 3. Nf3 Bg7 4. e3 O-O 5. Bd3 d6 6. O-O Nbd7 7. f5 c5 8. fxg6 hxg6 9. c3 Qc7 10. Qe1 c4 11. Bc2 e5 12. Qh4 Nh7 13. Nbd2 d5 14. e4 Qd8 15. Qf2 exd4 16. Nxd4 Ndf6 17. exd5 Qxd5 18. N2f3 Re8 19. Bf4 Bg4 20. Rad1 Bxf3 21. Nxf3 Qb5 22. b3 Ne4 23. Bxe4 Rxe4 24. Nd2 Re6 25. Nxc4 Bxc3 26. Rd6 Rxd6 27. Bxd6 Qd5 28. Qf3 Bd4+ 29. Kh1 Qxf3 30. Rxf3 Re8 31. h3 Ng5 32. Rd3 Re1+ 33. Kh2 Re2 34. Bf4 Ne6 35. Bd2 Kg7 1/2-1/2

[Event "25th Klatovy B 2017"]
[Site "Klatovy CZE"]
[Date "2017.07.05"]
[Round "5.39"]
[White "Novotny, Jaromir"]
[Black "Vavrousek, Petr"]
[Result "1-0"]
[WhiteElo "1394"]
[BlackElo "1686"]
[PlyCount "61"]
[EventDate "2017.07.01"]
[EventType "swiss"]
[EventRounds "9"]
[EventCountry "CZE"]

1. e4 c5 2. Nf3 Nc6 3. Nc3 g6 4. Bc4 Bg7 5. O-O d6 6. d3 Nf6 7. h3 O-O 8. Be3 a6 9. a4 b6 10. Rb1 Bb7 11. Qd2 Nb4 12. Bg5 Qd7 13. Bxf6 Bxf6 14. Nd5 Nxd5 15. Bxd5 Bxd5 16. exd5 Qxa4 17. Rfe1 Rfe8 18. b4 Qa2 19. Rb3 a5 20. bxc5 bxc5 21. Qc1 a4 22. Ra3 Qxd5 23. Re4 Qc6 24. Qf4 Kg7 25. Ng5 Qd5 26. Nf3 Qc6 27. Ng5 d5 28. Re3 Reb8 29. Rxe7 Rb7 30. Ne6+ Kg8 31. Qxf6 1-0

[Event "25th Klatovy B 2017"]
[Site "Klatovy CZE"]
[Date "2017.07.05"]
[Round "5.41"]
[White "Bauer, Jan 2005"]
[Black "Celovsky, Jan"]
[Result "0-1"]
[WhiteElo "1432"]
[BlackElo "1387"]
[PlyCount "60"]
[EventDate "2017.07.01"]
[EventType "swiss"]
[EventRounds "9"]
[EventCountry "CZE"]

1. e4 e5 2. Nf3 Nc6 3. Bb5 a6 4. Ba4 Nf6 5. O-O Be7 6. Re1 b5 7. Bb3 d6 8. c3 O-O 9. d3 Bg4 10. h3 Bh5 11. Nbd2 Re8 12. Nf1 Na5 13. Bc2 c5 14. Ng3 Bg6 15. d4 Qb6 16. dxe5 dxe5 17. Nxe5 Bd6 18. Nxg6 hxg6 19. e5 Bxe5 20. f4 Bc7 21. Ne4 Rad8 22. Nxf6+ Qxf6 23. Rxe8+ Rxe8 24. Qf1 Nc4 25. Kh1 Ne3 26. Bxe3 Rxe3 27. f5 Qe5 28. Kg1 Re2 29. Qd1 Qh2+ 30. Kf1 Qxg2# 0-1

[Event "25th Klatovy B 2017"]
[Site "Klatovy CZE"]
[Date "2017.07.05"]
[Round "5.42"]
[White "Nagyova, Daniela"]
[Black "Novy, Jan"]
[Result "0-1"]
[WhiteElo "1164"]
[BlackElo "1563"]
[PlyCount "98"]
[EventDate "2017.07.01"]
[EventType "swiss"]
[EventRounds "9"]
[EventCountry "CZE"]

1. e4 d6 2. d4 a6 3. c4 Nd7 4. Nc3 c6 5. f4 b5 6. a3 Rb8 7. b4 Qc7 8. Nf3 g6 9. Bd3 Bg7 10. O-O Nh6 11. f5 O-O 12. Be3 e5 13. dxe5 Nxe5 14. Nxe5 Bxe5 15. Bxh6 Bxc3 16. Bxf8 Kxf8 17. Rc1 Be5 18. fxg6 hxg6 19. Qd2 Kg7 20. cxb5 axb5 21. Rf3 Bg4 22. Rff1 Rh8 23. h3 Bd4+ 24. Kh1 Qd7 25. Rf2 Bxh3 26. gxh3 Bxf2 27. Bf1 Rxh3+ 28. Kg2 Be3 29. Qb2+ f6 30. Be2 Bxc1 31. Qxc1 Rh4 32. Qe3 Qe7 33. Bd3 d5 34. Qg3 Rh5 35. Kf3 Qd7 36. Kg2 Rg5 37. Qxg5 fxg5 38. Kf3 Qh3+ 39. Ke2 d4 40. Kd2 Qe3+ 41. Kc2 g4 42. e5 Qxe5 43. Kb3 Qe3 44. Kc2 g3 45. a4 bxa4 46. b5 cxb5 47. Bxb5 a3 48. Kb1 Qb3+ 49. Ka1 Qb2# 0-1

[Event "25th Klatovy B 2017"]
[Site "Klatovy CZE"]
[Date "2017.07.05"]
[Round "5.43"]
[White "Kudrna, Miroslav"]
[Black "Skalicky, Jindrich"]
[Result "1/2-1/2"]
[WhiteElo "1569"]
[BlackElo "1274"]
[PlyCount "39"]
[EventDate "2017.07.01"]
[EventType "swiss"]
[EventRounds "9"]
[EventCountry "CZE"]

1. e4 c5 2. Nf3 e6 3. d4 cxd4 4. Nxd4 Nc6 5. Nf3 Qc7 6. Nc3 Bb4 7. Bd2 Nf6 8. Nb5 Bxd2+ 9. Qxd2 Qb6 10. Nd6+ Ke7 11. Nc4 Qc7 12. e5 Ne8 13. O-O-O b6 14. Nd6 f6 15. Bb5 Bb7 16. Rhe1 Rd8 17. exf6+ gxf6 18. Nf5+ Kf7 19. Qh6 Nb4 20. Qh5+ 1/2-1/2

[Event "25th Klatovy B 2017"]
[Site "Klatovy CZE"]
[Date "2017.07.05"]
[Round "5.44"]
[White "Jedlicka, Pavel"]
[Black "Palla, Marek"]
[Result "1-0"]
[WhiteElo "1525"]
[BlackElo "1184"]
[PlyCount "45"]
[EventDate "2017.07.01"]
[EventType "swiss"]
[EventRounds "9"]
[EventCountry "CZE"]

1. d4 d5 2. c4 dxc4 3. Nc3 Nc6 4. e3 Be6 5. Qa4 Bd5 6. e4 Bxe4 7. Nxe4 Qxd4 8. Qxc4 O-O-O 9. Be3 Qxb2 10. Qc3 Qxc3+ 11. Nxc3 Nb4 12. Rc1 g6 13. Nb5 a6 14. Nxc7 Nxa2 15. Rc2 Nb4 16. Rc4 b5 17. Nxb5+ Kb7 18. Rxb4 axb5 19. Rxb5+ Kc6 20. Rc5+ Kd6 21. Bc4 Ra8 22. Rd5+ Ke6 23. Ra5+ 1-0

[Event "25th Klatovy B 2017"]
[Site "Klatovy CZE"]
[Date "2017.07.05"]
[Round "5.45"]
[White "Nandin Erdene, Davaademberel 2008"]
[Black "Lang, Simon"]
[Result "0-1"]
[WhiteElo "1501"]
[BlackElo "1166"]
[PlyCount "56"]
[EventDate "2017.07.01"]
[EventType "swiss"]
[EventRounds "9"]
[EventCountry "CZE"]

1. e4 e5 2. Nf3 Nc6 3. Bc4 Nf6 4. Ng5 d5 5. exd5 Na5 6. Bb5+ c6 7. dxc6 bxc6 8. Be2 h6 9. Nf3 e4 10. Ne5 Bd6 11. d4 exd3 12. Nxd3 O-O 13. O-O Bf5 14. Bf3 Qc7 15. h3 Rad8 16. Bd2 Nc4 17. Bc3 Qc8 18. Bxf6 gxf6 19. Bg4 Rfe8 20. Qf3 Bxg4 21. hxg4 Ne5 22. Nxe5 Bxe5 23. Nc3 Rd2 24. Rac1 Qb7 25. Ne4 Rd4 26. c3 Rxe4 27. g3 c5 28. Rfe1 Rxe1+ 0-1

[Event "25th Klatovy B 2017"]
[Site "Klatovy CZE"]
[Date "2017.07.05"]
[Round "5.46"]
[White "Velkoborsky, Tadeas"]
[Black "Dolejs, Jakub"]
[Result "0-1"]
[WhiteElo "1100"]
[BlackElo "1442"]
[PlyCount "150"]
[EventDate "2017.07.01"]
[EventType "swiss"]
[EventRounds "9"]
[EventCountry "CZE"]

1. e4 c5 2. Nf3 d6 3. Bc4 Nc6 4. O-O Bg4 5. d3 g6 6. h3 Bd7 7. Nc3 Bg7 8. Bg5 Nf6 9. Bxf6 Bxf6 10. Qd2 O-O 11. Qh6 Bg7 12. Qf4 Na5 13. Bd5 Bc6 14. Bxc6 Nxc6 15. Ng5 h6 16. Nf3 f5 17. exf5 Rxf5 18. Qg4 Qe8 19. Nh4 Rg5 20. Qe6+ Qf7 21. Qxf7+ Kxf7 22. Rae1 Nd4 23. Ne4 Rh5 24. c3 Rxh4 25. cxd4 Bxd4 26. b3 Rf8 27. Nd2 Ke8 28. Nf3 Rhf4 29. Nxd4 Rxd4 30. Re3 a5 31. Rfe1 Rf7 32. Re6 Rg7 33. R1e3 Kd7 34. Kh2 Rxd3 35. Rxd3 Kxe6 36. Re3+ Kd5 37. Kg3 Rf7 38. Rd3+ Ke4 39. Re3+ Kd4 40. a3 e5 41. a4 Rf4 42. h4 c4 43. bxc4 Kxc4 44. Ra3 Rd4 45. Kf3 Rd3+ 46. Rxd3 Kxd3 47. g4 d5 48. g5 h5 49. Kg3 d4 50. f4 exf4+ 51. Kxf4 Kc2 52. Ke5 d3 53. Kf6 d2 54. Kg7 d1=Q 55. Kh6 Qd4 56. Kh7 Qxa4 57. Kh6 Qxh4 58. Kxg6 Qe4+ 59. Kxh5 Kd3 60. g6 Qxg6+ 61. Kxg6 a4 62. Kf6 a3 63. Ke7 a2 64. Kd7 a1=R 65. Kc7 Kc4 66. Kxb7 Rd1 67. Kb6 Rd5 68. Kb7 Rc5 69. Ka6 Rb5 70. Ka7 Kc5 71. Ka6 Kc6 72. Ka7 Rb6 73. Ka8 Kc7 74. Ka7 Rh6 75. Ka8 Ra6# 0-1

[Event "25th Klatovy B 2017"]
[Site "Klatovy CZE"]
[Date "2017.07.05"]
[Round "5.47"]
[White "Velkoborsky, Jan"]
[Black "Kadlec, Rudolf"]
[Result "0-1"]
[WhiteElo "1058"]
[BlackElo "1436"]
[PlyCount "96"]
[EventDate "2017.07.01"]
[EventType "swiss"]
[EventRounds "9"]
[EventCountry "CZE"]

1. e4 d5 2. Nc3 dxe4 3. Nxe4 Bf5 4. Bd3 Bxe4 5. Bxe4 c6 6. Nf3 Nf6 7. Qe2 e6 8. O-O Be7 9. d3 h6 10. Bf4 Bd6 11. Bxd6 Qxd6 12. Nd2 Nbd7 13. Rae1 O-O-O 14. b3 g5 15. c4 Nc5 16. h3 Nxd3 17. Bxd3 Qxd3 18. Qxd3 Rxd3 19. Rd1 Rhd8 20. Rde1 Rxd2 21. a4 Rb2 22. Re3 Rbd2 23. Ree1 Ne8 24. b4 Nd6 25. Rd1 Nxc4 26. Rxd2 Rxd2 27. b5 Na5 28. bxc6 Nxc6 29. Rc1 Ra2 30. a5 Rxa5 31. Kh2 Kb8 32. Rd1 Rd5 33. Rxd5 exd5 34. Kg1 Kc7 35. Kf1 Nb4 36. Ke1 Kc6 37. Kd2 Kc5 38. Kc3 b5 39. h4 gxh4 40. g3 h3 41. g4 h2 42. g5 hxg5 43. f4 gxf4 44. Kd2 Kd4 45. Ke1 h1=Q+ 46. Kf2 Nd3+ 47. Ke2 f3+ 48. Kd2 Qe1+ 0-1